Pápay József csuvas hagyatéka = [Tschuwaschischer Nachlass] - naplórészlet, csuvas szójegyzék

Elmentve itt :
Bibliográfiai részletek
Szerző: Agyagási Klára
Dokumentumtípus: Cikk
Megjelent: Kossuth Lajos Tudományegyetem Debrecen 1997
Sorozat:Bibliotheca Pápayensis 7
Kulcsszavak:Csuvas nyelv - szójegyzék, Néprajz - csuvas, Csuvasok
Tárgyszavak:
Online Access:http://misc.bibl.u-szeged.hu/55682
LEADER 00832nab a2200217 i 4500
001 misc55682
005 20230220104540.0
008 200505s1997 hu o 0|| hun d
022 |a 0864-7992 
040 |a SZTE Miscellanea Repozitórium  |b hun 
041 |a hun 
100 1 |a Agyagási Klára 
245 1 0 |a Pápay József csuvas hagyatéka = [Tschuwaschischer Nachlass] - naplórészlet, csuvas szójegyzék  |h [elektronikus dokumentum] /  |c  Agyagási Klára 
260 |a Kossuth Lajos Tudományegyetem  |b Debrecen  |c 1997 
300 |a 149 
490 0 |a Bibliotheca Pápayensis  |v 7 
561 |a Németh Gyula hagyaték 
650 4 |a Bölcsészettudományok 
650 4 |a Nyelvek és irodalom 
695 |a Csuvas nyelv - szójegyzék, Néprajz - csuvas, Csuvasok 
856 4 0 |u http://misc.bibl.u-szeged.hu/55682/1/046_oa_a28.pdf  |z Dokumentum-elérés